[Event "Stay Safe Play From Home 355"]
[Site "Emanuel Lasker Arena"]
[Date "2020.08.04"]
[Round "4"]
[White "TheCHESSHOUSE"]
[Black "Cirovicz"]
[Result "1/2-1/2"]
[WhiteElo "2118"]
[BlackElo "1841"]
[Annotator "TA"]
[PlyCount "113"]
[EventDate "2020.08.04"]
[EventType "swiss (blitz)"]

{[%evp 12,112,8,8,39,24,89,31,28,-5,20,6,18,16,11,11,18,0,0,0,3,0,19,19,25,24,17,0,0,0,98,0,100,-18,91,-31,82,9,837,817,896,839,798,876,1452,1386,1350,1383,1564,1284,29974,29975,29974,29975,29977,29978,29981,29982,29982,29983,29987,29984,29984,29983,29987,29986,29987,29983,29983,29984,29984,29985,29987,29988,29988,29989,29989,29990,29990,29991,29991,29992,29992,29993,29993,29991,29992,29992,29992,29993,29993,29994,29995,29995,29995,29996,29996,29997,29997,29997,29997,29998,29998]} 1. d4 e6 2. c4 Nf6 3. Nf3 c5 4. Nc3 cxd4 5. Nxd4 d5 6. e3 dxc4 7. Bxc4 Nc6 {A32: Symmetrical English: 2 Nf3 Nf6 3 d4 cxd4 4 Nxd4 e6.} 8. O-O {[#]} Bb4 $146 (8... Bd7 $11) ({Predecessor:} 8... Bd7 9. Nf3 a6 10. Qe2 Qc7 11. Bd2 Rc8 12. Rac1 Bd6 13. Bd3 O-O 14. Ne4 Nxe4 15. Bxe4 {½-½ (51) Drygalov,S (2477)-Danielian,E (2399) Moscow 2020}) 9. Bb5 (9. Nxc6 $16 bxc6 10. Qxd8+ Kxd8 11. a3) 9... Bd7 {White is slightly better.} 10. Qb3 {[#] Strongly threatening Bxc6.} (10. Nxc6 {is more complex.} bxc6 11. Be2 Qc7 12. Qd3 O-O 13. b3) 10... Bxc3 11. bxc3 {[%cal Bb2c3,Bc3d4][%mdl 32]} Nxd4 12. Bxd7+ Qxd7 13. cxd4 O-O 14. Ba3 Rfc8 15. Rfc1 Nd5 16. h3 Nb6 17. Rab1 Rxc1+ 18. Rxc1 Rc8 19. Rxc8+ Qxc8 20. Bc5 Qc6 {[#]} (20... Nd7 $11 {remains equal.}) 21. Qb4 (21. Qa3 $1 $16) 21... g6 (21... Nd7 $11) 22. f3 ({White should play} 22. Qa5 $16) 22... f5 (22... Nd5 $11 {keeps the balance.} 23. Qa3 b6) 23. Kf2 (23. Qa3 $16) 23... Kf7 (23... Nd5 $15 {stays ahead.} 24. Qa3 b6) 24. Bxb6 ({White should try} 24. Qa5 $16) 24... Qxb6 $2 {[%mdl 8192] Now Black is done in.} (24... axb6 $11 25. Qb1 h5) 25. Qxb6 $18 axb6 $16 {[%mdl 4096] Endgame KP-KP} 26. Ke2 Ke7 27. Kd3 Kd6 28. Kc4 Kc6 29. a4 Kd6 30. e4 f4 31. Kb5 {White mates.} Kc7 32. h4 h6 33. e5 g5 34. h5 Kb8 35. Kxb6 Ka8 36. a5 Kb8 37. Kb5 Ka7 38. Kc5 Ka6 39. Kd6 Kxa5 40. Kxe6 b5 41. Kd5 b4 42. e6 b3 43. e7 b2 44. e8=Q b1=Q {KQ-KQ} 45. Qa8+ Kb4 46. Qb8+ Kc3 47. Qxb1 Kd2 48. Qg6 Ke3 49. Qxh6 Kf2 50. Qxg5 Kg1 51. Qxf4 Kxg2 52. h6 Kf2 53. h7 Ke2 54. h8=Q Kd3 55. Qhe5 Kc2 56. Qfe3 Kd1 57. Qh2 {Accuracy: White = 70%, Black = 49%.} 1/2-1/2

[Event "Stay Safe Play From Home 355"]
[Site "Emanuel Lasker Arena"]
[Date "2020.08.04"]
[Round "4"]
[White "Greblha"]
[Black "Fischer_11"]
[Result "1-0"]
[WhiteElo "1908"]
[BlackElo "2123"]
[Annotator "NA RC"]
[PlyCount "93"]
[EventDate "2020.08.04"]
[EventType "swiss (blitz)"]

1. e4 {[%emt 0:00:00]} Nf6 {[%emt 0:00:02]} 2. e5 {[%emt 0:00:01]} Nd5 {[%emt 0:00:01]} 3. d4 {[%emt 0:00:00]} d6 {[%emt 0:00:01]} 4. exd6 {[%emt 0:00:00]} cxd6 {[%emt 0:00:00]} 5. c3 {[%emt 0:00:00]} Nb6 {[%emt 0:00:00]} 6. Bd3 {[%emt 0:00:01]} g6 {[%emt 0:00:00]} 7. Ne2 {[%emt 0:00:01]} Bg7 {[%emt 0:00:00]} 8. Be3 {[%emt 0:00:01]} O-O {[%emt 0:00:00]} 9. Qd2 {[%emt 0:00:00]} Nc6 {[%emt 0:00:00]} 10. Bh6 {[%emt 0:00:01]} d5 {[%emt 0:00:01]} 11. Bxg7 {[%emt 0:00:01]} Kxg7 {[%emt 0:00:00]} 12. h4 {[%emt 0:00:00]} Nc4 {[%emt 0:00:02]} 13. Bxc4 {[%emt 0:00:02]} dxc4 {[%emt 0:00:00]} 14. h5 {[%emt 0:00:01]} Rh8 {[%emt 0:00:02]} 15. h6+ {[%emt 0:00:01]} Kf8 {[%emt 0:00:01]} 16. Qe3 {[%emt 0:00:01]} Qd5 {[%emt 0:00:03]} 17. f3 {[%emt 0:00:03]} e5 {[%emt 0:00:03]} 18. Nd2 {[%emt 0:00:02]} exd4 {[%emt 0:00:03]} 19. Nxd4 {[%emt 0:00:01]} Nxd4 {[%emt 0:00:02]} 20. Qxd4 {[%emt 0:00:01]} Qxd4 {[%emt 0:00:01]} 21. cxd4 {[%emt 0:00:01]} b5 {[%emt 0:00:01]} 22. Ne4 {[%emt 0:00:01]} f5 {[%emt 0:00:02]} 23. Nd6 {[%emt 0:00:03]} Bd7 {[%emt 0:00:01]} 24. O-O-O {[%emt 0:00:01]} Ke7 {[%emt 0:00:01]} 25. Nb7 {[%emt 0:00:02]} Bc6 {[%emt 0:00:06]} 26. Rhe1+ {[%emt 0:00:01]} Kd7 {[%emt 0:00:01]} 27. Nc5+ {[%emt 0:00:01]} Kc7 {[%emt 0:00:03]} 28. Re6 {[%emt 0:00:01]} Rhe8 {[%emt 0:00:02]} 29. Rde1 {[%emt 0:00:06]} Rxe6 {[%emt 0:00:01]} 30. Nxe6+ {[%emt 0:00:01]} Kd6 {[%emt 0:00:02]} 31. Ng5 {[%emt 0:00:01]} Rh8 {[%emt 0:00:05]} 32. Re6+ {[%emt 0:00:01]} Kd7 {[%emt 0:00:00]} 33. Rf6 {[%emt 0:00:02]} Bd5 {[%emt 0:00:01]} 34. f4 {[%emt 0:00:02]} Re8 {[%emt 0:00:02]} 35. Ra6 {[%emt 0:00:01]} Re2 {[%emt 0:00:01]} 36. Kd1 {[%emt 0:00:01]} Rxg2 {[%emt 0:00:01]} 37. Rxa7+ {[%emt 0:00:00]} Kd6 {[%emt 0:00:01]} 38. Rxh7 {[%emt 0:00:01]} Rxb2 {[%emt 0:00:01]} 39. Rg7 {[%emt 0:00:01]} Rh2 {[%emt 0:00:01]} 40. Rxg6+ {[%emt 0:00:00]} Kc7 {[%emt 0:00:01]} 41. h7 {[%emt 0:00:00]} b4 {[%emt 0:00:01]} 42. Rg7+ {[%emt 0:00:01]} Kc6 {[%emt 0:00:01]} 43. Rg8 {[%emt 0:00:01]} b3 {[%emt 0:00:00]} 44. h8=Q {[%emt 0:00:02]} Rxh8 {[%emt 0:00:00]} 45. Rxh8 {[%emt 0:00:01]} b2 {[%emt 0:00:00]} 46. Rb8 {[%emt 0:00:01]} c3 {[%emt 0:00:00]} 47. Kc2 {[%emt 0:00:01] Zeit Zeit Zeit Zeit Zeit (Lag: Av=0.38s, max=1.0s) (Lag: Av=0.38s, max=1.0s) (Lag: Av=0.38s, max=1.0s) (Lag: Av=0.38s, max=1.0s) (Lag: Av=0.38s, max=1.0s)} 1-0

[Event "Stay Safe Play From Home 355"]
[Site "Emanuel Lasker Arena"]
[Date "2020.08.04"]
[Round "4"]
[White "Padmaesh M K"]
[Black "Trotsky"]
[Result "0-1"]
[WhiteElo "1837"]
[BlackElo "1622"]
[Annotator "NA RC"]
[PlyCount "54"]
[EventDate "2020.08.04"]
[EventType "swiss (blitz)"]

1. Nf3 {[%emt 0:00:02]} d5 {[%emt 0:00:01]} 2. d4 {[%emt 0:00:01]} e6 {[%emt 0:00:00]} 3. e3 {[%emt 0:00:01]} c5 {[%emt 0:00:01]} 4. Bd3 {[%emt 0:00:01]} Nc6 {[%emt 0:00:01]} 5. b3 {[%emt 0:00:01]} c4 {[%emt 0:00:00]} 6. bxc4 {[%emt 0:00:01]} Nf6 {[%emt 0:00:02]} 7. cxd5 {[%emt 0:00:02]} exd5 {[%emt 0:00:01]} 8. Bd2 {[%emt 0:00:02]} Be6 {[%emt 0:00:01]} 9. O-O {[%emt 0:00:02]} Bd6 {[%emt 0:00:01]} 10. Nc3 {[%emt 0:00:01]} a6 {[%emt 0:00:02]} 11. Rb1 {[%emt 0:00:01]} Qc7 {[%emt 0:00:01]} 12. h3 {[%emt 0:00:04]} h5 {[%emt 0:00:01]} 13. e4 {[%emt 0:00:01]} Ng4 {[%emt 0:00:01]} 14. e5 {[%emt 0:00:03]} Ncxe5 {[%emt 0:00:02]} 15. dxe5 {[%emt 0:00:02]} Bxe5 {[%emt 0:00:01]} 16. Nxe5 {[%emt 0:00:01]} Qxe5 {[%emt 0:00:02]} 17. f4 {[%emt 0:00:06]} Qd6 {[%emt 0:00:02]} 18. Re1 {[%emt 0:00:05]} O-O-O {[%emt 0:00:03]} 19. Qc1 {[%emt 0:00:03]} Kb8 {[%emt 0:00:01]} 20. Qb2 {[%emt 0:00:03]} Rd7 {[%emt 0:00:03]} 21. Na4 {[%emt 0:00:03]} g5 {[%emt 0:00:05]} 22. Bb4 {[%emt 0:00:04]} Qc7 {[%emt 0:00:03]} 23. g3 {[%emt 0:00:03]} gxf4 {[%emt 0:00:02]} 24. Ba5 {[%emt 0:00:01]} Qd6 {[%emt 0:00:04]} 25. Bxa6 {[%emt 0:00:03]} f3 {[%emt 0:00:03]} 26. Qb5 {[%emt 0:00:00]} Qxg3+ {[%emt 0:00:02]} 27. Kf1 {[%emt 0:00:02]} Qf2# {[%emt 0:00:01] (Lag: Av=0.33s, max=0.8s) (Lag: Av=0.33s, max=0.8s) (Lag: Av=0.33s, max=0.8s) (Lag: Av=0.33s, max=0.8s) (Lag: Av=0.33s, max=0.8s)} 0-1

[Event "Stay Safe Play From Home 355"]
[Site "Emanuel Lasker Arena"]
[Date "2020.08.04"]
[Round "4"]
[White "Ao017545"]
[Black "GIULIO19031975"]
[Result "0-1"]
[WhiteElo "1683"]
[BlackElo "1726"]
[Annotator "NA RC"]
[PlyCount "86"]
[EventDate "2020.08.04"]
[EventType "swiss (blitz)"]

1. e4 {[%emt 0:00:01]} c5 {[%emt 0:00:03]} 2. Nf3 {[%emt 0:00:00]} e6 {[%emt 0:00:00]} 3. Bb5 {[%emt 0:00:01]} Nc6 {[%emt 0:00:01]} 4. Bxc6 {[%emt 0:00:01]} bxc6 {[%emt 0:00:01]} 5. d4 {[%emt 0:00:00]} d5 {[%emt 0:00:00]} 6. exd5 {[%emt 0:00:04]} cxd5 {[%emt 0:00:01]} 7. dxc5 {[%emt 0:00:00]} Nf6 {[%emt 0:00:00]} 8. O-O {[%emt 0:00:00]} Bxc5 {[%emt 0:00:01]} 9. c3 {[%emt 0:00:01]} O-O {[%emt 0:00:01]} 10. c4 {[%emt 0:00:00]} Ba6 {[%emt 0:00:01]} 11. cxd5 {[%emt 0:00:00]} Bxf1 {[%emt 0:00:01]} 12. Qxf1 {[%emt 0:00:01]} Nxd5 {[%emt 0:00:01]} 13. Nc3 {[%emt 0:00:03]} Nxc3 {[%emt 0:00:01]} 14. bxc3 {[%emt 0:00:00]} Qf6 {[%emt 0:00:02]} 15. Qd3 {[%emt 0:00:01]} Rad8 {[%emt 0:00:01]} 16. Qc2 {[%emt 0:00:03]} e5 {[%emt 0:00:01]} 17. Bg5 {[%emt 0:00:00]} Qe6 {[%emt 0:00:02]} 18. Bh4 {[%emt 0:00:02]} f6 {[%emt 0:00:01]} 19. Bg3 {[%emt 0:00:02]} e4 {[%emt 0:00:01]} 20. Nd4 {[%emt 0:00:03]} Bxd4 {[%emt 0:00:02]} 21. cxd4 {[%emt 0:00:00]} Rxd4 {[%emt 0:00:01]} 22. Qb2 {[%emt 0:00:02]} Rfd8 {[%emt 0:00:02]} 23. h3 {[%emt 0:00:05]} Rd2 {[%emt 0:00:01]} 24. Qa3 {[%emt 0:00:03]} f5 {[%emt 0:00:02]} 25. Qxa7 {[%emt 0:00:02]} Qg6 {[%emt 0:00:01]} 26. Be5 {[%emt 0:00:02]} Re8 {[%emt 0:00:07]} 27. Bc3 {[%emt 0:00:01]} Re2 {[%emt 0:00:02]} 28. Qa4 {[%emt 0:00:04]} e3 {[%emt 0:00:02]} 29. Qc4+ {[%emt 0:00:05]} Kh8 {[%emt 0:00:06]} 30. Qxe2 {[%emt 0:00:00]} exf2+ {[%emt 0:00:00]} 31. Qxf2 {[%emt 0:00:01]} h5 {[%emt 0:00:01]} 32. Bd2 {[%emt 0:00:01]} Qd6 {[%emt 0:00:01]} 33. Re1 {[%emt 0:00:00]} Rf8 {[%emt 0:00:01]} 34. Re3 {[%emt 0:00:03]} f4 {[%emt 0:00:01]} 35. Rf3 {[%emt 0:00:00]} g5 {[%emt 0:00:01]} 36. Bc3+ {[%emt 0:00:00]} Kh7 {[%emt 0:00:03]} 37. Qd4 {[%emt 0:00:00]} Kg6 {[%emt 0:00:01]} 38. Qg7+ {[%emt 0:00:02]} Kf5 {[%emt 0:00:01]} 39. g3 {[%emt 0:00:01]} Ke4 {[%emt 0:00:02]} 40. g4 {[%emt 0:00:00]} Qd1+ {[%emt 0:00:00]} 41. Kg2 {[%emt 0:00:02]} Qxf3+ {[%emt 0:00:00]} 42. Kh2 {[%emt 0:00:01]} Qg3+ {[%emt 0:00:01]} 43. Kh1 {[%emt 0:00:02]} Qxh3+ {[%emt 0:00:00] Zaman Zaman Zaman Zaman Zaman (Lag: Av=0.67s, max=1.3s) (Lag: Av=0.67s, max=1.3s) (Lag: Av=0.67s, max=1.3s) (Lag: Av=0.67s, max=1.3s) (Lag: Av=0.67s, max=1.3s)} 0-1

[Event "Stay Safe Play From Home 355"]
[Site "Emanuel Lasker Arena"]
[Date "2020.08.04"]
[Round "5"]
[White "Broken sword"]
[Black "AChessPlayer"]
[Result "1/2-1/2"]
[WhiteElo "2392"]
[BlackElo "2442"]
[Annotator "TA"]
[PlyCount "121"]
[EventDate "2020.08.04"]
[EventType "swiss (blitz)"]

{[%evp 14,121,32,14,39,33,44,16,41,19,18,17,0,-34,-17,-37,0,-45,-44,-41,-34,-40,-38,-42,-34,-37,-46,-48,-45,-61,-56,-66,-66,-69,-64,-70,-36,-65,-58,-51,-51,-49,-43,-72,-49,-52,-52,-197,-69,-72,-35,-127,-66,-109,-64,-99,-99,-99,0,0,0,0,0,-37,-37,-62,-22,-63,0,-63,-63,-208,-176,-199,-143,-257,-237,-239,-79,-141,-129,-188,-188,-331,-214,-254,-174,-257,-245,-330,-326,-244,-117,-117,-45,-45,0,0,0,0,0,0,0,-80,0,0,0,0,0,-2]} 1. e4 c6 2. d4 d5 3. Nc3 dxe4 4. Nxe4 Nf6 5. Nxf6+ exf6 6. c3 Bd6 7. Bd3 O-O 8. Qc2 Re8+ {B15: Caro-Kann: 3 Nc3: 3...g6 and 3...dxe4 4 Nxe4 Nf6 5 Nxf6+ exf6.} 9. Ne2 h5 10. Bd2 Nd7 11. O-O-O Nf8 12. Kb1 Be6 13. Nf4 Bxf4 $1 14. Bxf4 Qd5 15. b3 (15. c4 $5 {[%cal Rc4d5]} Qxg2 16. Bh6 $14) 15... b5 16. Rhe1 a5 {[%cal Ba7a5,Ba5a4][%mdl 32]} 17. Be4 Qd7 {[#]} 18. h3 $146 ({Predecessor:} 18. Qd3 a4 19. b4 Ng6 20. Bc1 Re7 21. Qf3 Bg4 22. Qd3 Bxd1 23. Rxd1 Rae8 24. Bf3 {0-1 (32) Nayak,R (2181)-Sunilduth Lyna,N (2575) New Delhi 2019}) 18... a4 19. b4 $1 Bd5 20. f3 g6 21. Bg3 Kg7 22. Bh4 Ne6 23. Bg3 Rad8 24. Bd3 Nf8 25. Be4 f5 26. Bd3 Rxe1 27. Rxe1 Re8 28. Qd2 Re6 29. Rxe6 Qxe6 30. Qe1 ({White has to play} 30. Qe2 $1 $15) 30... Qxe1+ (30... Bxa2+ $19 31. Ka1 Qxe1+ 32. Bxe1 Be6) 31. Bxe1 $19 {[%mdl 4096] Endgame KBB-KBN} Kf6 32. Bh4+ (32. h4 $15) 32... Ke6 (32... g5 $17 33. Be1 Ng6) 33. a3 Kd7 34. Kc1 Ne6 35. Bg3 Ng7 (35... f4 $17 36. Bf2 Bb3) 36. Be5 $11 Ne8 37. Kd2 f6 38. Bg3 Ke6 39. Bb8 Ng7 40. Bg3 Ne8 ({Black should play} 40... g5 $15) 41. Ke1 (41. Bb8 $11) 41... g5 $15 42. Bh2 (42. Bb8 $15) 42... f4 $19 43. Kf2 Nd6 44. g3 (44. Bg1 $17) 44... fxg3+ 45. Bxg3 Bc4 $2 (45... Nc4 $19 {and Black stays clearly on top. Strongly threatening ...h4.} 46. Bxc4 Bxc4) 46. Bc2 (46. Bg6 $142) 46... Nc8 $17 47. Ke3 (47. f4 $17) 47... Nb6 $19 48. Be4 (48. h4 $142) 48... Nd5+ 49. Bxd5+ Bxd5 {KB-KB} ({Less strong is} 49... cxd5 50. h4 $15) 50. h4 (50. Bc7 {was necessary.}) 50... Kf5 51. Bf2 g4 $1 {[%cal Rg4f3]} 52. f4 {[#]} g3 (52... Ke6 $1 $19 {has better winning chances.} 53. f5+ Kxf5) 53. Bxg3 $17 {[#]} Kg4 (53... Ke6 $1 $17) 54. Bf2 $15 f5 {[%mdl 1024] Black has compensation.} 55. Be1 Kh3 56. Bf2 Kg2 57. Be1 Kf1 58. Bd2 (58. Bg3 $11) 58... Kg2 ({Better is} 58... Be4 $17) 59. Be1 $1 $11 {The position is equal.} Be4 60. Bf2 Bd5 61. Be1 {Whites escaped into a draw. Accuracy: White = 43%, Black = 63%.} 1/2-1/2

[Event "Stay Safe Play From Home 355"]
[Site "Emanuel Lasker Arena"]
[Date "2020.08.04"]
[Round "5"]
[White "Nuktotitakoi"]
[Black "Rogan"]
[Result "1-0"]
[WhiteElo "2345"]
[BlackElo "2256"]
[Annotator "TA"]
[PlyCount "95"]
[EventDate "2020.08.04"]
[EventType "swiss (blitz)"]

{[%evp 15,95,16,23,-7,-1,0,7,4,8,0,0,-13,4,0,3,0,29,29,37,0,17,0,16,20,43,35,41,35,34,32,41,36,81,92,103,93,245,208,269,259,294,298,666,-82,-84,-293,-111,-100,-16,-85,0,0,0,0,0,-86,-75,-69,-32,-36,6597,6597,6597,5617,5609,5289,1741,1485,29977,29978,29978,29979,29979,29980,29981,29980,29982,29982,29982,29981,29989,29990]} 1. d4 d5 2. Nc3 c6 3. e4 dxe4 4. Nxe4 Nf6 5. Nxf6+ exf6 6. Nf3 Bd6 7. Be2 O-O 8. O-O Re8 9. c3 {B15: Caro-Kann: 3 Nc3: 3...g6 and 3...dxe4 4 Nxe4 Nf6 5 Nxf6+ exf6.} Bg4 10. Re1 Nd7 11. Be3 {The position is equal.} Qc7 12. h3 Bh5 13. Qd2 Nf8 {[#]} 14. Rad1 $146 ({Predecessor:} 14. Nh4 Bxe2 15. Qxe2 g6 16. Qf3 Re6 17. Bh6 Rae8 18. Rxe6 Rxe6 19. g3 f5 20. Ng2 {0-1 (45) Baier,U (1780)-Epding,V (2056) Leverkusen 1997}) 14... Re7 15. c4 {c5 is the strong threat.} c5 16. dxc5 Bxc5 17. Nd4 Bxe2 18. Rxe2 Rae8 19. Nc2 Bxe3 20. Nxe3 Rd7 21. Qc2 Rxd1+ 22. Qxd1 Qe7 23. Rd2 Ne6 24. Rd7 Qb4 25. b3 Nf4 $2 {[#]} (25... Qa5 $16) 26. Kh2 Qc5 27. Rxb7 Qe5 28. g3 ({Not} 28. Rxa7 Nd5+ 29. Kh1 Nxe3 $16) 28... Qe4 $2 (28... Ne6 29. Rxa7 h6) 29. gxf4 $2 (29. Qd7 $18 Rf8 30. gxf4) 29... Qxb7 $18 {[%mdl 4096] Endgame KQR-KQN} 30. Qd5 $2 (30. Kg3 $17) 30... Qe7 $2 (30... Qxd5 $19 {and Black stays clearly on top.} 31. cxd5 Kf8) 31. Kg3 $17 h5 (31... Rd8 $17 32. Nf5 Qd7) 32. c5 (32. Qxh5 $11 Qa3 33. Qe2) 32... Kh7 (32... Qe4 $17 33. Qxe4 Rxe4) 33. Qxh5+ Kg8 34. b4 Qe4 35. Qd5 {[#]} (35. a3 $11) 35... Qxd5 $1 36. Nxd5 {KR-KN} Re2 37. c6 {Black must now prevent c7.} Rxa2 $2 {[%mdl 8192]} (37... Kf8 $15) 38. c7 $18 Rc2 39. Ne7+ Kf8 40. c8=Q+ Rxc8 41. Nxc8 Ke8 42. Nxa7 {KN-K3P. White mates.} Kd7 43. Nb5 Kc6 44. Nc3 Kb6 45. h4 g6 46. Kg4 Kc6 47. f5 gxf5+ 48. Kxf5 {A wild game. Accuracy: White = 66%, Black = 40%.} 1-0

[Event "Stay Safe Play From Home 355"]
[Site "Emanuel Lasker Arena"]
[Date "2020.08.04"]
[Round "5"]
[White "Lamborghini"]
[Black "NTBT_DHS"]
[Result "0-1"]
[WhiteElo "2236"]
[BlackElo "2560"]
[Annotator "TA"]
[PlyCount "106"]
[EventDate "2020.08.04"]
[EventType "swiss (blitz)"]

{[%evp 18,105,27,35,41,43,56,8,30,0,4,0,38,26,35,-63,-61,-72,-7,-48,10,15,56,56,43,51,186,187,196,194,226,160,213,202,231,181,234,-272,-221,-277,0,-18,-18,-20,-25,-58,0,-8,0,0,102,94,80,-451,-449,-795,-807,-745,-637,-712,-625,-1058,-536,-508,0,-984,-863,-1275,-1373,-1908,-1947,-5206,-4638,-29970,-12467,-29978,-29979,-29981,-29982,-29991,-29992,-29992,-29993,-29993,-29994,-29997,-29998,-29998,-29999,-29999]} 1. e4 c5 2. Nf3 Nc6 3. d4 cxd4 4. Nxd4 Nf6 5. Nc3 e5 6. Ndb5 d6 7. Bg5 a6 8. Bxf6 gxf6 9. Na3 f5 10. Nc4 b5 {B33: Sicilian: Pelikan and Sveshnikov Variations.} 11. Ne3 $1 f4 12. Ned5 Bg7 {[#] The position is equal.} 13. a4 $146 ({Predecessor:} 13. b4 O-O 14. g3 Nd4 15. gxf4 Kh8 16. f5 Bb7 17. Bd3 Qh4 18. h3 Rg8 19. Qg4 {0-1 (31) Kraujunas,V (1944)-Korabliov,A (2414) ICCF email 2011}) 13... b4 14. Na2 a5 15. Bb5 Bb7 16. Nc1 (16. O-O $14) 16... O-O $15 17. Nb3 Rc8 (17... Ne7 $17 {aiming for ...Nxd5.} 18. O-O Nxd5 19. exd5 f5) 18. O-O Kh8 (18... Ne7 $15) 19. Qd3 $11 Nd4 20. Nxd4 exd4 21. Nxf4 f5 ({Black should play} 21... Be5 $14 22. Ne2 (22. g3 Bxf4 23. gxf4 Qf6 $11) 22... d5 23. exd5 Qxd5) 22. exf5 $18 {Ne6 is the strong threat.} Qg5 23. g3 Rxf5 24. Ne6 Qf6 (24... Qg4 $16) 25. Nxg7 Kxg7 26. Rae1 {Threatens to win with Bd7.} Rf8 (26... Rc7 {was called for.} 27. f4 Rfc5) 27. Re4 $4 {[%mdl 8192]} (27. f4 $18 {avoids the disaster.}) 27... Bxe4 $19 (27... Rxf2 28. Re7+ $1 {[%mdl 512]} Qxe7 29. Rxf2 $17) 28. Qxe4 Qe5 $2 (28... Rxf2 $19 29. Re1 {[#]} d5 $1 {[%mdl 512]} 30. Qe7+ Qxe7 31. Rxe7+ Kf6 32. Kxf2 Kxe7+ 33. Ke1 b3 $1 {[%mdl 512]}) 29. Bd3 (29. Qd3 {keeps more tension.} R5f7 30. Qd2 Re7 31. Rd1 Rc8 32. Bd3) 29... Qxe4 30. Bxe4 $11 {[%mdl 4096] Endgame KRR-KRB} Re5 31. Bd3 Rf3 (31... Rfe8 $15) 32. b3 Rc5 33. Rd1 Rc3 (33... Rf8 $11 {keeps the balance.}) 34. Kg2 $16 Rf6 35. Bc4 $2 {[%mdl 8192]} (35. Re1 $16 {keeps the pressure on.}) 35... Rxc2 $19 36. Rxd4 (36. Rf1 $142 h6 37. h3) 36... Rfxf2+ 37. Kh3 Rxh2+ 38. Kg4 Rcd2 39. Rf4 Kg6 40. Bf7+ Kg7 (40... Kh6 $142 41. Rf5 Rd4+ 42. Kf3 Rd3+ 43. Kg4 Rg2 44. Rxa5 Rgxg3+ 45. Kf5 Rdf3+ 46. Ke6 Kg7) 41. Bc4 $1 d5 42. Bxd5 Rxd5 43. Rc4 Rd3 44. Kf4 Rf2+ 45. Ke4 Rxb3 46. Rc7+ Rf7 {Black mates.} 47. Rc6 Rc3 48. Kd5 Rxc6 49. Kxc6 b3 50. Kb5 b2 51. Kxa5 b1=Q {[%cal Rf7a7]} 52. Ka6 Rb7 {[%csl Gb7][%cal Rb1b6]} 53. a5 Qb5# {What a bad dream for White. Accuracy: White = 50%, Black = 49%.} 0-1

[Event "Stay Safe Play From Home 355"]
[Site "Emanuel Lasker Arena"]
[Date "2020.08.04"]
[Round "5"]
[White "SoulofWolf"]
[Black "Greblha"]
[Result "1-0"]
[WhiteElo "2152"]
[BlackElo "1934"]
[Annotator "TA"]
[PlyCount "87"]
[EventDate "2020.08.04"]
[EventType "swiss (blitz)"]

{[%evp 9,87,22,30,-15,8,0,11,-14,0,0,44,29,35,-79,64,-97,69,-47,80,-39,89,-118,0,-129,0,-125,-32,-31,73,69,84,24,58,14,31,0,0,0,69,39,66,58,63,13,88,0,136,0,132,143,125,137,263,146,238,177,221,0,244,154,264,194,190,172,170,152,386,97,524,544,533,526,502,-23,-14,-125,-124,-324,-196,-227]} 1. Nf3 c6 2. c4 d5 3. e3 dxc4 4. Bxc4 Nf6 {[#]} 5. Qb3 $146 ({Predecessor:} 5. O-O e6 6. d4 Be7 7. Nc3 b5 8. Be2 Bb7 9. a4 b4 10. Nb1 Nbd7 11. a5 {0-1 (44) Zochowski,K (2269)-Wisniewski,M (2122) Wroclaw 2018}) 5... e6 6. a4 {A11: English Opening: 1...c6.} Be7 7. O-O O-O 8. Na3 {The position is equal.} Nbd7 9. d4 Nb6 10. Be2 Nbd5 11. e4 (11. Rd1 $14) 11... Nc7 (11... Nxe4 $17 12. Bd3 Nef6) 12. Bf4 $2 (12. Qc2 $14) 12... b6 $2 (12... Nxe4 $17 13. Be3 Nd5) 13. h3 ({White should play} 13. Bd3 $14) 13... h6 (13... Nxe4 $15 14. Qc2 Nd6) 14. Rac1 (14. Bd3 $16) 14... Bb7 {[#]} (14... Nxe4 $15 15. Qc2 (15. Rxc6 Nd5 $15) 15... Nc3 $1 {[%mdl 512]}) 15. Rc2 $2 (15. Bd3 $1 $16 {stays on course.}) 15... Rc8 (15... Nxe4 $17 16. a5 Nd5) 16. Rfc1 (16. Bd3 $11) 16... Na6 (16... Nxe4 $17 17. a5 Nd5) 17. Bd2 (17. Bxa6 $11 Bxa6 18. Re1) 17... Bxa3 (17... Nxe4 $17 18. Be1 Nc7) 18. Qxa3 $15 Nb8 (18... Nxe4 $15 {stays ahead.} 19. Be3 c5) 19. e5 $36 {[%mdl 2048] Black is under pressure.} Nd5 20. Bc4 (20. b4 $16) 20... Qe7 21. Qb3 Qd7 22. Be1 Ba6 23. Nd2 Nc7 (23... Ne7 $11) 24. Qe3 Bxc4 25. Rxc4 Nd5 26. Qd3 a5 (26... c5 $11) 27. Nf3 ({Better is} 27. Ne4 $16) 27... Nb4 (27... Na6 $11) 28. Qd1 (28. Bxb4 $16 axb4 29. Rxb4) 28... Qd5 (28... N8a6 $11 {remains equal.}) 29. Bxb4 $16 axb4 30. Rxb4 Qe4 (30... Nd7 $16 {might work better.} 31. Rbc4 b5 32. axb5 Qxb5) 31. Rbc4 ({White should try} 31. Rxb6 $18 {Black must now prevent a5.} Nd7 32. Rb7) 31... Rfd8 (31... Qd5 $16 {is a better defense.} 32. b4 Nd7) 32. Nd2 Qd3 33. Nf3 Qe4 $1 34. Qd2 Rd5 (34... Qd5 $16 35. Qc3 Rc7) 35. Re1 Qg6 36. Qc3 Rcd8 37. b4 Qh5 $2 {[#]} (37... b5 $16) 38. Nh2 $2 (38. b5 $1 $18 {[%mdl 512]}) 38... g5 $2 {[%mdl 8192]} (38... Qh4 $16 {is more resistant.}) 39. Ng4 $18 {aiming for Nf6+.} Qg6 40. Nf6+ Kg7 41. Nxd5 $2 (41. b5 $18) 41... exd5 $11 42. Rxc6 (42. Rc5 $1 $11) 42... Nxc6 $17 43. Qe3 $2 (43. a5 $17 bxa5 44. bxa5) 43... Re8 44. b5 {[%mdl 32768] Accuracy: White = 23%, Black = 20%. . Loss on time!?} 1-0